000 01311cam a2200337 4500
001 ABS68251
008 040921n2004 000 0 eng u
035 _a(Sirsi) u127472
100 _aWright, J.
245 _aHoliday lettings
260 _c2004
490 _aLetting Update Journal
_v12(2) July 2004, 26-28(3)
520 _aExamines the growing holiday lettings market, which is proving to be a lucrative investment for some. Looks at market and investor characteristics, tax advantages and concessions, rental returns, occupancy rates, the country cottage sector, the right time to buy, borrowing facilities and the market outlook. Provides a map of England and Wales tourist hotspots, capital growth and yield data for representative holiday property hotspots, Padstow and Exeter, and further information sources on holiday lettings.
590 _aABS
590 _aABS
650 _aPROPERTY INVESTMENT
650 _aRENTAL GROWTH
650 _aOCCUPANCY RATES
650 _aHOLIDAY LETTINGS
650 _aHOLIDAY HOMES
650 _aYIELDS
650 _aTOURIST DEVELOPMENT
650 _aTAX BENEFITS
650 _aTAX CONCESSIONS
650 _aPADSTOW
650 _aEXETER
650 _aCOTTAGES
650 _aCAPITAL GROWTH
690 _aHOUSING-MARKET
942 _n0
999 _c118026
_d118026